000 01038nas a2200325 4500
001 BR2015000774
003 BR-BrBNA
005 20231205125006.0
007 ta
008 230509b bl.|||p| |||| 00| 00por d
040 _aBR-BrBNA
_bpor
_cBiblioteca Nacional de Agricultura
041 _a(En)
072 _aF60
100 1 _aMarchese, J.A.
100 1 _aFerreira, J.F.S.
100 1 _aRehder, V.L.G.
100 1 _aRodrigues, O.
245 1 _aWater deficit effect on the accumulation of biomass and artemisinin in annual wormwood (Artemisia annua L., Asteraceae)
650 _aPLANTA MEDICINAL
650 _aMETABOLISMO VEGETAL
650 _aESTIAGEM
650 _aSTRESS
650 _aDEFICIENCIA HIDRICA
650 _aRELACAO AGUA-PLANTA
650 _aBIOMASSA
773 0 _tBrazilian Journal of Plant Physiology (Brazil)
_xISSN 1677-0420
_g(2010), v. 22(1) p. 1-9
_wBR2015000774
856 4 0 _uhttp://www.scielo.br/pdf/bjpp/v22n1/v22n1a01.pdf
909 _a202311
_bLúcia
_c55
_dLúcia Elande
942 _2AGRIS
_n0
_cANA
999 _c242022
_d242022